Организация управления качеством проектов корпоративных систем; Инновационные технологии и экономика в машиностроении

מידע ביבליוגרפי
Parent link:Инновационные технологии и экономика в машиностроении.— 2010.— С. 368-371
מחבר ראשי: Ляхова Е. А.
שפה:רוסית
יצא לאור: 2010
נושאים:
פורמט: MixedMaterials Book Chapter
KOHA link:https://koha.lib.tpu.ru/cgi-bin/koha/opac-detail.pl?biblionumber=189649

MARC

LEADER 00000naa2a2200000 4500
001 189649
005 20231031175440.0
035 |a (RuTPU)RU\TPU\book\206320 
090 |a 189649 
100 |a 20101228d2010 k y0rusy50 ca 
101 0 |a rus 
102 |a RU 
200 1 |a Организация управления качеством проектов корпоративных систем  |f Е. А. Ляхова 
320 |a Библиогр.: 5 назв. 
463 0 |0 (RuTPU)RU\TPU\book\199146  |y 978-5-98298-642-9  |t Инновационные технологии и экономика в машиностроении  |o сборник трудов Международной научно-практической конференции с элементами научной школы для молодых ученых, 20-21 мая 2010 г. г. Юрга  |f Национальный исследовательский Томский политехнический университет (ТПУ), Юргинский технологический институт (ЮТИ); под ред. Д. А. Чинахова  |v С. 368-371  |d 2010  |p 577 с. 
610 1 |a корпоративные системы 
610 1 |a качество 
610 1 |a управление качеством 
610 1 |a проекты 
610 1 |a модели 
610 1 |a водопадная модель 
610 1 |a информационные системы 
610 1 |a труды учёных ТПУ 
700 1 |a Ляхова  |b Е. А. 
801 1 |a RU  |b 63413507  |c 20101228 
942 |c BK